Central Library OPAC University of Rajshahi

The governing of men / (Record no. 41465)

MARC details
000 -LEADER
fixed length control field 00700nam a2200253 a 4500
001 - CONTROL NUMBER
control field 41465
003 - CONTROL NUMBER IDENTIFIER
rucl marc code BD-RjUL
005 - DATE AND TIME OF LATEST TRANSACTION
control field 20211209053407.0
008 - FIXED-LENGTH DATA ELEMENTS--GENERAL INFORMATION
fixed length control field 160531s1966 nyuabc b 000 0 eng
035 ## - SYSTEM CONTROL NUMBER
System control number (BD-RjUL)41583
040 ## - CATALOGING SOURCE
Original cataloging agency DLC
Transcribing agency DLC
Modifying agency DLC
-- BD-RjUL
Language of cataloging eng
041 ## - LANGUAGE CODE
Language code of text/sound track or separate title eng
082 00 - DEWEY DECIMAL CLASSIFICATION NUMBER
Classification number 320
Author mark and year RAG 1966
100 1# - MAIN ENTRY--PERSONAL NAME
Personal name Ranney, Austin.
9 (RLIN) 125433
245 14 - TITLE STATEMENT
Title The governing of men /
Statement of responsibility, etc. Austin Ranney,
250 ## - EDITION STATEMENT
Edition statement Rev. ed.
260 ## - PUBLICATION, DISTRIBUTION, ETC. (IMPRINT)
Place of publication, distribution, etc. New York :
Name of publisher, distributor, etc. Holt, Rinehart and Winston,
Date of publication, distribution, etc. c1966
300 ## - PHYSICAL DESCRIPTION
Pagination x, 678 p. :
Illustrations ill. ;
Size 24 cm.
504 ## - BIBLIOGRAPHY, ETC. NOTE
Bibliography, etc Includes index
Bibliography, etc Bibliography: p. 634-661.
650 #0 - SUBJECT ADDED ENTRY--TOPICAL TERM
Topical term or geographic name as entry element Political science.
9 (RLIN) 127455
942 ## - ADDED ENTRY ELEMENTS (KOHA)
Source of classification or shelving scheme Dewey Decimal Classification
Koha item type Books
Holdings
Lost status Source of classification or shelving scheme Damaged status Not for loan Collection code Permanent Location Current Location Shelving location Date acquired Source of acquisition Total Checkouts Full call number Date last seen Copy number Koha item type
  Dewey Decimal Classification     Non-fiction Central Library, University of Rajshahi Central Library, University of Rajshahi   14/01/1975 Obidul Hoq   320 RAG 1966 31/05/2016 C-2 Books